Vista normal
Vista MARC
Entrada Personal Name
Número de registros utilizados en: 1
001 - CONTROL NUMBER
- control field: 14673
003 - CONTROL NUMBER IDENTIFIER
- control field: DLC
005 - DATE AND TIME OF LATEST TRANSACTION
- control field: 20230817111729.0
008 - FIXED-LENGTH DATA ELEMENTS
- fixed length control field: 920310n| azannaabn |n aaa c
010 ## - LIBRARY OF CONGRESS CONTROL NUMBER
- LC control number: nr 92009514
035 ## - SYSTEM CONTROL NUMBER
- System control number: (OCoLC)oca03128095
040 ## - CATALOGING SOURCE
- Original cataloging agency: NjP
- Language of cataloging: spa
- Description conventions: rda
- Transcribing agency: Mx-PuUPA
- Modifying agency: GEU
- Modifying agency: Mx-PuUPA
046 ## - SPECIAL CODED DATES
- Birth date: 1959
100 1# - HEADING--PERSONAL NAME
- Personal name: Lévy, Lorraine,
- Dates associated with a name: 1959-
374 ## - OCCUPATION
- Occupation: Autor
375 ## - GENDER
- Gender: Autor
377 ## - ASSOCIATED LANGUAGE
- Language code: eng
670 ## - SOURCE DATA FOUND
- Source citation: Her Picasso, 1991:
- Information found: t.p. (Lorraine Lévy)
670 ## - SOURCE DATA FOUND
- Source citation: Le fils de l'autre, 2013:
- Information found: title credits (a film written and directed by Lorraine Lévy)
670 ## - SOURCE DATA FOUND
- Source citation: Canal+ website, viewed March 3, 2014:
- Information found: Lorraine Lévy page (French film director ; wrote Picasso)
- Uniform Resource Identifier: http://www.canalplus.fr/c-cinema/c-les-films-en-salles/cid140583-lorraine-levy.html
670 ## - SOURCE DATA FOUND
- Source citation: French Wikipedia, viewed March 3, 2014:
- Information found: Lorraine Lévy page (film director, screenwriter, dramatist ; born in 1959 in Boulogne-Sur-Seine)
- Uniform Resource Identifier: http://fr.wikipedia.org/wiki/Lorraine_L%C3%A9vy